Disabled village children : (Record no. 801)

MARC details
000 -LEADER
fixed length control field 01359cam a2200349 a 4500
001 - CONTROL NUMBER
control field 519137
003 - CONTROL NUMBER IDENTIFIER
control field OSt
005 - DATE AND TIME OF LATEST TRANSACTION
control field 20141202154911.0
008 - FIXED-LENGTH DATA ELEMENTS--GENERAL INFORMATION
fixed length control field 860616s1987 caua b 001 0 eng d
010 ## - LIBRARY OF CONGRESS CONTROL NUMBER
LC control number 86081738
020 ## - INTERNATIONAL STANDARD BOOK NUMBER
International Standard Book Number 0942364066
035 ## - SYSTEM CONTROL NUMBER
System control number (OCoLC)17012010
040 ## - CATALOGING SOURCE
Original cataloging agency GBruM
Transcribing agency GBruM
Modifying agency DLC
042 ## - AUTHENTICATION CODE
Authentication code lccopycat
043 ## - GEOGRAPHIC AREA CODE
Geographic area code d------
050 00 - LIBRARY OF CONGRESS CALL NUMBER
Classification number HV890.5
Item number .W47 1987
082 ## - DEWEY DECIMAL CLASSIFICATION NUMBER
Classification number WA 300 W49l 1987
100 1# - MAIN ENTRY--PERSONAL NAME
Personal name Werner, David,
Dates associated with a name 1934-
9 (RLIN) 2151
245 10 - TITLE STATEMENT
Title Disabled village children :
Remainder of title a guide for community health workers, rehabilitation workers, and families /
Statement of responsibility, etc. by David Werner with the help of many friends ; drawings by the author.
250 ## - EDITION STATEMENT
Edition statement 1st ed.
260 ## - PUBLICATION, DISTRIBUTION, ETC. (IMPRINT)
Place of publication, distribution, etc. Palo Alto, CA :
Name of publisher, distributor, etc. Hesperian Foundation,
Date of publication, distribution, etc. 1987.
300 ## - PHYSICAL DESCRIPTION
Extent A1-12, 654 p. :
Other physical details ill. ;
Dimensions 28 cm.
504 ## - BIBLIOGRAPHY, ETC. NOTE
Bibliography, etc Includes bibliographical references (p. 637-642) and index.
590 ## - LOCAL NOTE (RLIN)
Local note LC copy: 1996 printing.
650 #0 - SUBJECT ADDED ENTRY--TOPICAL TERM
Topical term or geographic name as entry element Children with disabilities
General subdivision Rehabilitation
Geographic subdivision Developing countries.
9 (RLIN) 2152
650 #0 - SUBJECT ADDED ENTRY--TOPICAL TERM
Topical term or geographic name as entry element Rural children
General subdivision Health and hygiene
Geographic subdivision Developing countries.
9 (RLIN) 2153
650 #0 - SUBJECT ADDED ENTRY--TOPICAL TERM
Topical term or geographic name as entry element Community health services for children
Geographic subdivision Developing countries.
9 (RLIN) 2154
906 ## - LOCAL DATA ELEMENT F, LDF (RLIN)
a 7
b cbc
c copycat
d 2
e opcn
f 19
g y-gencatlg
942 ## - ADDED ENTRY ELEMENTS (KOHA)
Source of classification or shelving scheme Other/Generic Classification Scheme
Koha item type Short Loan
Holdings
Withdrawn status Lost status Source of classification or shelving scheme Damaged status Not for loan Home library Current library Date acquired Source of acquisition Inventory number Total Checkouts Full call number Barcode Date last seen Price effective from Koha item type
    Other/Generic Classification Scheme     MUST Main Library MUST Main Library 02/12/2014 Purchase 2003/18354   WA 300 W49l 1987 2014-3430 02/12/2014 02/12/2014 Short Loan
    Other/Generic Classification Scheme     MUST Main Library MUST Main Library 07/07/2016 Purchase 1992/6533   WA 300 W49l 1987 2016-3031 07/07/2016 07/07/2016 Open Shelf
    Other/Generic Classification Scheme     MUST Main Library MUST Main Library 07/07/2016 Purchase 1992/6534   WA 300 W49l 1987 2016-3032 07/07/2016 07/07/2016 Open Shelf